1HGGSP - Révolutions techniques. - Statistiques

Statistiques générales
  • Ce quiz a été pris 47 fois
  • Le résultat moyen est 13 sur 34
Statistiques - réponses
Question Réponse % Correct
VRAI ou FAUX : Les travaux des moines copistes au Moyen-Âge étaient fiables. Faux
100%
VRAI ou FAUX : Les ouvrages imprimés sont uniquement en latin. Faux
82%
Qui modernise l'imprimerie en occident ? Gutenberg
76%
Vers quelle date environ ? 1450
71%
VRAI ou FAUX : à l'époque, la diffusion de l'information est extrêmement encadrée. Vrai
71%
Quel est le premier ouvrage imprimé ? Bible
66%
Après la Seconde Guerre mondiale, quel média s'impose progressivement ? Télévision
53%
VRAI ou FAUX : Un vent de panique s'empare des USA au lendemain de la radiodiffusion de ce programme. Faux
47%
Quel média se popularise après la Première Guerre mondiale ? Radio
47%
Lors de quelle décennie en France ? années 1960
39%
Citez l'une des quatre chaines d'informations continues en France. BFM / FranceInfo / LCI / Cnews
39%
Quel mouvement de pensée se développe en parallèle de l'émergence de l'imprimerie ? Humanisme
39%
Quel processus économique a lieu à partir du XVIIIe siècle ? Industrialisation / Révolution industrielle
39%
Quelle personnalité religieuse rédige une bible en allemand ? Luther
39%
Quand Facebook est-il lancé ? 2004
37%
Quand l'iPhone est-il présenté par Steve Jobs ? 2007
37%
Environ combien de milliards d'internautes sont-ils recensés dans le monde ? 5
32%
Quel homme politique est alors dominant en France ? De Gaulle
32%
Au USA, qui remporte les élections présidentielles en maîtrisant notamment ce nouveau média ? Kennedy
32%
Au début de quelle décennie le système web se développe-t-il ? années 1990
29%
En France, quel établissement public assure la tutelle et la gestion de ce nouveau média ? ORTF
29%
Quand le premier "journal" français voit-il le jour ? 1631
26%
Quel outil de communication se développe au XIXe siècle ? Télégraphe
26%
Quand le réseau Arpanet est-il mis en place ? 1969
24%
Qui en est à l'initiative ? Théophraste Renaudot
24%
Quand la liberté de la presse est-elle promulguée en France ? (date précise) 29 juillet 1881
21%
Citez un des journaux les plus lu en France avant la Première Guerre mondiale ? Le Petit Parisien / Le Petit Journal / Le Matin
21%
Lors de quel événement social et politique ce média est-il critiqué en France ? Mai 68
16%
Où réalise-t-il cela ? Mayence
16%
Comment s'appelle la première station publique française mise en place en 1921 ? Radio Tour Eiffel
16%
Vers quelle année la presse rotative voit-elle le jour ? 1845
13%
Quand la chaîne privée de Canal+ voit-elle le jour ? 1984
13%
Comment qualifie-t-on les ouvrages en langue non latine ? vernaculaire
11%
Quelle émission d'Orson Welles est un bon exemple du poids croissant de ce média ? La guerre des mondes
3%
Aucun quiz correspondant
Distribution des résultats
% des personnes avec chaque résultat
Percentile par nombre de réponses
Votre historique - résultats
Vous n’avez pas pris ce quiz